Las fosas del silencio (Record no. 77583)
[ view plain ]
| 000 -LEADER | |
|---|---|
| campo de control de longitud fija | 00935nam a2200277 i 4500 |
| 001 - NÚMERO DE CONTROL | |
| campo de control | 77583 |
| 003 - IDENTIFICADOR DE NÚMERO DE CONTROL | |
| campo de control | ES-MaACL |
| 005 - FECHA Y HORA DE LA ÚLTIMA TRANSACCIÓN | |
| campo de control | 20250430213656.0 |
| 007 - CAMPO FIJO DE DESCRIPCIÓN FÍSICA--INFORMACIÓN GENERAL | |
| campo de control de longitud fija | t| |
| 008 - DATOS DE LONGITUD FIJA--INFORMACIÓN GENERAL | |
| campo de control de longitud fija | 041022s2004 sp ||||1| spa d |
| 020 ## - NÚMERO INTERNACIONAL ESTÁNDAR DEL LIBRO | |
| Número Internacional Estándar del Libro | 84-01-53068-7 |
| 080 ## - NÚMERO DE LA CLASIFICACIÓN DECIMAL UNIVERSAL | |
| Número de la Clasificación Decimal Universal | 94(460)"1936/39" |
| 100 1# - ENTRADA PRINCIPAL--NOMBRE DE PERSONA | |
| Nombre de persona | Armengou, Montse. |
| 9 (RLIN) | 22953 |
| 245 14 - MENCIÓN DEL TÍTULO | |
| Título | Las fosas del silencio |
| Resto del título | : ¿hay un holocausto español? / |
| Mención de responsabilidad, etc. | Montse Armengou y Ricard Belis ; prólogo de Santiago Carrillo. |
| 250 ## - MENCION DE EDICION | |
| Mención de edición | 1ª ed. |
| 260 ## - PUBLICACIÓN, DISTRIBUCIÓN, ETC. | |
| Lugar de publicación, distribución, etc. | [Barcelona] : |
| Nombre del editor, distribuidor, etc. | Plaza & Janés, |
| Fecha de publicación, distribución, etc. | 2004. |
| 300 ## - DESCRIPCIÓN FÍSICA | |
| Extensión | 286 p., [16] p. de lám. ; |
| Dimensiones | 22 cm. |
| 490 1# - MENCIÓN DE SERIE | |
| Mención de serie | Así fue ; |
| Designación de volumen o secuencia | 65 |
| 504 ## - NOTA DE BIBLIOGRAFÍA, ETC. | |
| Nota de bibliografía, etc. | Bibliografía: p. 275-276. |
| 651 #4 - PUNTO DE ACCESO ADICIONAL DE MATERIA--NOMBRE GEOGRÁFICO | |
| Nombre geográfico | España- |
| Subdivisión general | Historia- |
| Subdivisión cronológica | 1936-1939, Guerra civil- |
| Subdivisión general | Atrocidades. |
| 9 (RLIN) | 8296 |
| 700 1# - ENTRADA AGREGADA--NOMBRE PERSONAL | |
| Nombre de persona | Belis, Ricard. |
| 9 (RLIN) | 27169 |
| 700 1# - ENTRADA AGREGADA--NOMBRE PERSONAL | |
| Nombre de persona | Carrillo, Santiago, |
| Fechas asociadas al nombre | 1915-2012 |
| 9 (RLIN) | 240177 |
| 830 0# - PUNTO DE ACCESO ADICIONAL DE SERIE-TÍTULO UNIFORME | |
| Título uniforme | Así fue ; |
| Designación de volumen o secuencia | 65 |
| 9 (RLIN) | 179780 |
| 852 ## - LOCALIZACIÓN | |
| Ubicación | ES-MaACL |
| Número de control de estantería | L-28352 |
| Sublocalización o colección | R.134289 |
| Estatus retirado | Estado de pérdida | Estado de daño | No para préstamo | Biblioteca de origen | Biblioteca actual | Ubicación en estantería | Fecha de adquisición | Fuente de adquisición | Total de préstamos | Signatura topográfica completa | Código de barras | Visto por última vez | Precio de reemplazo | Tipo de ítem Koha |
|---|---|---|---|---|---|---|---|---|---|---|---|---|---|---|
| Biblioteca del Ateneo de Madrid | Biblioteca del Ateneo de Madrid | Depósito 2 | 17/01/2008 | L-28352 | 1081171 | 23/02/2023 | 23/02/2023 | Libro impreso |
